000
00238nam a22000857a 4500
008
161115b xxu||||| |||| 00| 0 eng d
100
_9
1221
_a
Sharma S. N
245
_a
Composite mathamatics class VII
260
_a
New delhi
_b
Arya publication
_c
2009
999
_c
3912
_d
3912